000 00987nam0a22002291 4500
001 rc\2809136
005 20260406111648.0
035 _a(NLR Aleph) 006935009
090 _a7586911
_c7586911
100 _a20110915d1936 |||y0rusy50 ca
101 0 _arus
102 _aRU
105 _aa z |||||
200 1 _aПравила приема и программы испытаний для поступления в Академию в 1936 г.
_fСССР. НКПС. Всес. акад. ж.-д. транспорта им. т. Сталина
210 _aЛенинград
_cВсес. акад. ж.-д. транспорта
_d1936
_gтип. им. Лоханкова
215 _aОбл., 15 с.
_cил.
_d22х15 см.
710 0 2 _aВсесоюзная академия железнодорожного транспорта им. Сталина
_3RU\NLR\AUTH\887257
_9286579
801 0 _aRU
_bNLR
_gpsbo
801 1 _aRU
_bELAR
_2rusmarc
852 _aNLR
_j36-11/1320
942 _cBOOK
980 _aNB